000 00634nam a2200217Ia 4500
005 20250508165947.0
008 008 250505s9999 xx 000 0 eng d
020 _a0-14-013311-9
037 _aTextBook
040 _aFEDL
_beng
_cFEDL
041 _aeng
_2eng
084 _a375.001, JOS/R
_qFEDL
100 _aJoseph Pamela Bolotin and others
_9782528
245 0 _aCultures of curriculum
260 _aNew Jeresy, USA
_bLawrence Erlbaum Associates
_c2000
300 _axiii, 194p.
365 _aINR
_b982
490 _aStudies in Curriculum Theory
942 _cTB
_h375.001, JOS/R
999 _c1398425
_d1398425